Régions de France nommées d'après un peuple celte - Statistiques

Statistiques générales
  • Ce quiz a été pris 88 fois
  • Le résultat moyen est 6 sur 13
Statistiques - réponses
Hint Réponse % Correct
BENEARNI / Bénéharnais Béarn
97%
ARVERNI / Arvernes Auvergne
95%
BIGERRI / Biguerres Bigorre
62%
ATREBATES / Atrébates Artois
56%
TVRONES / Turons Touraine
53%
LEMOVICES / Lémovices Limousin
49%
BITVRIGES CVBI / Bituriges Cubes Berry
47%
PICTONES / Pictons Poitou
39%
PETROCORII / Pétrocores Périgord
35%
VELLAVI / Vellaves Velay
32%
MEDVLI / Médules Médoc
27%
CADVRCI / Cadurques Quercy
19%
GABALI / Gabales Gévaudan
12%
Aucun quiz correspondant
Distribution des résultats
% des personnes avec chaque résultat
Percentile par nombre de réponses
Votre historique - résultats
Vous n’avez pas pris ce quiz